| 000 | 00344nam a22001457a 4500 | ||
|---|---|---|---|
| 020 | _a9788190746229 | ||
| 082 |
_a604.2 _bBHA/EN |
||
| 100 | _aBhattacharyya,B | ||
| 245 | _aEngineering graphics | ||
| 250 | _a1 | ||
| 260 |
_aNew Delhi _bI.K International Publishing House Pvt. Ltd _c2011 |
||
| 300 | _a334 | ||
| 700 | _aBera, S.C | ||
| 942 | _cBK | ||
| 999 |
_c13616 _d13616 |
||